Behaviour management : The new science of managing people at work
| Main Author: | |
|---|---|
| Format: | Book |
| Published: |
New York :
Wiley ,
1978
|
| Subjects: |
MARC
| LEADER | 00000cam a2200000 7i4500 | ||
|---|---|---|---|
| 001 | 0000005586 | ||
| 005 | 20050513.0 | ||
| 020 | |a 0471029475 | ||
| 040 | |a INS | ||
| 090 | 0 | 0 | |a HF5549 |b .M476 1978 |
| 100 | 1 | |a Miller, Lawrence M. | |
| 245 | 1 | 0 | |a Behaviour management : |b The new science of managing people at work |c Lawrence M. Miller |
| 260 | |a New York : |b Wiley , |c 1978 | ||
| 300 | |a x, 404 p. ; |c 23 cm. | ||
| 650 | 0 | 0 | |a Personnel management |
| 650 | 0 | 0 | |a Psychology,Industrial |
| 999 | |a 0000000173 |b BOOK |c Open Shelf |e Default branch | ||